Countries with Nuclear Submarines - Statistics

General Stats
  • This quiz has been taken 132 times
  • The average score is 6 of 6
Answer Stats
Country % Correct
United States
100%
Russia
98%
United Kingdom
98%
France
95%
China
93%
India
91%
No matching quizzes found
Score Distribution
Percent of People with Each Score
Percentile by Number Answered
Your Score History
You have not taken this quiz